Biblioteka Instytutu Północnego w Olsztynie

Polska a kultura Zachodu : (Rekord nr 27627)

Szczegóły MARC
000 -Nagłówek
fixed length control field 01062cam a2200265 i 4500
001 - Nr kontrolny bibl., która utworzyła rek.
control field zz2005822620
003 - Siglum bibl., której nr kontr. jest w 001
control field NUKAT
005 - Data i czas ostatniej operacji
control field 20260416200605.0
008 - Elementy pola stałej długości
fixed length control field 050214s1936 pl |000 0 pol c
035 ## - Systemowy numer kontrolny
systemowy numer kontrolny (OCoLC)1412986850
035 ## - Systemowy numer kontrolny
systemowy numer kontrolny (NUKAT)zz2005822620
040 ## - Instytucja sporządzająca opis
Instytucja, która sporządziła opis GD U/MZ
język katalgowania-trzyzn. kod pol
zasady opisu rda
Instytucja, która sporządziła rekord GD U/MZ
Instytucja, która zmodyfikowała rekord GD U/MZ
-- WA U/ASO
-- GD U/KMs
-- KR 119/jp
-- GD U/MJ
-- KR 119/jz
100 1# - Hasło główne-nazwa osobowa
Nazwa osobowa Dyboski, Roman
Daty biograficzne (1883-1945).
rodzaj współpracy Autor
9 (RLIN) 39694
245 10 - Tytuł właściwy i oznaczenie odpow.
tytuł Polska a kultura Zachodu :
dodatek do tytułu odczyt w Ognisku Krakowskim Polskiej YMCA, 1 października 1936 roku /
dod. inf. ze s. tyt./ozn. odpow. R. Dyboski.
260 ## - Adres wydawniczy
miejsce wydania, dystrybucji itp. Kraków :
nazwa wydawcy, dystrybutora itp. nakł. Związku Młodzieży Chrześc. Polska YMCA,
data wydania, dystrybucji itp. 1936.
300 ## - Opis fizyczny
objętość i/lub forma materiału 18 stron ;
format 23 cm.
336 ## - Content Type
Term Tekst
Code txt
Source rdacontent
337 ## - Media Type
Term Bez urządzenia pośredniczącego
Code n
Source rdamedia
338 ## - Carrier Type
Term Wolumin
Code nc
Source rdacarrier
530 ## - Uwaga o dod. formie fiz. materiału
uwaga o dodatkowej fizycznej formie dokumentu Dostępne również w formie elektronicznej.
651 #7 - Hasło przedmiotowe-nazwa geogr.
nazwa geograficzna Polska
określnik rzeczowy cywilizacja.
źródło hasła kaba
9 (RLIN) 4635
856 41 - Elektroniczne źródła danych i spos. dost.
URL (Uniform Resource Locator) <a href="http://www.pbc.gda.pl/dlibra/docmetadata?id=64161">http://www.pbc.gda.pl/dlibra/docmetadata?id=64161</a>
856 41 - Elektroniczne źródła danych i spos. dost.
URL (Uniform Resource Locator) <a href="http://pbc.up.krakow.pl/publication/6786">http://pbc.up.krakow.pl/publication/6786</a>
942 ## - ADDED ENTRY ELEMENTS (KOHA)
Source of classification or shelving scheme Dewey Decimal Classification
Koha item type pozycje dostępne na miejscu
Egzemplarze
Status wycofania Status zagubienia Klasyfikacja Status uszkodzenia Blokada wypożyczeń Kolekcja Lokalizacja macierzysta Lokalizacja bieżąca Data nabycia Numer akcesji Źródło akcesji Nr inwentarzowy il. wypożyczeń Sygnatura Kod kreskowy Date last seen Price effective from Typ egz.
    Dewey Decimal Classification nieuszkodzona   Pracownia Badań Księgozbiorów Historycznych Biblioteka Instytutu Północnego w Olsztynie Pracownia Badań Księgozbiorów Historycznych 16/04/2026 K-18/1964 kupno 15598   15598 IPWK23775 16/04/2026 16/04/2026 pozycje dostępne na miejscu
Biblioteka Instytutu Północnego, ul. Partyzantów 87, 10-402 Olsztyn, email: biblioteka(at)ip.olsztyn.pl